Statistics for Roblox Abbreviations

Click here to take the quiz!

General Stats

  • This quiz has been taken 34 times
  • The average score is 12 of 22

Answer Stats

AbbreviationAnswer% Correct
GGGood Game
88%
IDKI Don’t Know
88%
AFKAway From Keyboard
85%
BRBBe Right Back
85%
BTWBy The Way
85%
GTGGot To Go
81%
IRLIn Real Life
81%
LOLLaugh Out Loud
73%
NGLNot Gonna Lie
73%
OPOverpowered
69%
FFAFree For All
58%
TTYLTalk To You Later
58%
DMDirect Message
50%
PMPrivate Message
38%
PTSPermission To Speak
31%
KOSKill On Sight
27%
STSShoulder To Shoulder
27%
RKRandom Kill
23%
FRPFail Role Play
19%
TKTeam Kill
19%
AOSArrest On Sight
12%
DDDishonorably Discharged
4%

Score Distribution

Percentile by Number Answered

Percent of People with Each Score

Your Score History

You have not taken this quiz